|
|
|
|
| LEADER |
00000nam0a2200000 4500 |
| 001 |
26127 |
| 005 |
20231030201452.0 |
| 010 |
|
|
|a 5746408468
|
| 035 |
|
|
|a (RuTPU)RU\TPU\book\26367
|
| 035 |
|
|
|a BOOK00000284
|
| 090 |
|
|
|a 26127
|
| 100 |
|
|
|a 20011209d1992 k y0rusy50 ca
|
| 101 |
0 |
|
|a rus
|
| 102 |
|
|
|a RU
|
| 105 |
|
|
|a a z 000zy
|
| 200 |
1 |
|
|a Вопросы геологии и нефтебитуминозности цетральных районов Волго-Уральской области
|
| 210 |
|
|
|a Казань
|c Изд-во Казанского ун-та
|d 1992
|
| 215 |
|
|
|a 161 с.
|c ил.
|
| 610 |
1 |
|
|a геология
|
| 610 |
1 |
|
|a битумы нефтяные
|
| 610 |
1 |
|
|a месторождения
|
| 610 |
1 |
|
|a геохимия
|
| 610 |
1 |
|
|a Волго-Уральский район
|
| 675 |
|
|
|a 55(470)
|v 3
|
| 675 |
|
|
|a 553.985
|v 3
|
| 801 |
|
0 |
|a RU
|b 63413507
|c 20011209
|g PSBO
|
| 801 |
|
2 |
|a RU
|b 63413507
|c 20090909
|g RCR
|
| 942 |
|
|
|c BK
|